<?xml version="1.0" encoding="UTF-8"?>
<record
    xmlns:xsi="http://www.w3.org/2001/XMLSchema-instance"
    xsi:schemaLocation="http://www.loc.gov/MARC21/slim http://www.loc.gov/standards/marcxml/schema/MARC21slim.xsd"
    xmlns="http://www.loc.gov/MARC21/slim">

  <leader>00733nam a22001337a 4500</leader>
  <datafield tag="040" ind1=" " ind2=" ">
    <subfield code="c">RUA</subfield>
  </datafield>
  <datafield tag="082" ind1=" " ind2=" ">
    <subfield code="a">AGR SOE 2015 B520 Or.1</subfield>
  </datafield>
  <datafield tag="100" ind1=" " ind2=" ">
    <subfield code="a">SOEURN SOKHENG; &#x179F;&#x17BF;&#x1793; &#x179F;&#x17BB;&#x1781;&#x17C1;&#x1784;</subfield>
  </datafield>
  <datafield tag="245" ind1=" " ind2=" ">
    <subfield code="a">Effect of urea fertilizer on growth and nitrate residue of green mustard grown at royal university of agriculture, &#x17A5;&#x1791;&#x17D2;&#x1792;&#x17B7;&#x1796;&#x179B;&#x1793;&#x17C3;&#x1780;&#x17C6;&#x179A;&#x17B7;&#x178F;&#x1787;&#x17B8;&#x17A2;&#x17CA;&#x17BB;&#x1799;&#x179A;&#x17C9;&#x17C1;&#x1791;&#x17C5;&#x179B;&#x17BE;&#x1780;&#x17B6;&#x179B;&#x17BC;&#x178F;&#x179B;&#x17B6;&#x179F;&#x17CB;&#x1793;&#x17B7;&#x1784;&#x179F;&#x17C6;&#x178E;&#x179B;&#x17CB;&#x1793;&#x17B8;&#x178F;&#x17D2;&#x179A;&#x17B6;&#x178F;&#x1780;&#x17D2;&#x1793;&#x17BB;&#x1784;&#x178A;&#x17C6;&#x178E;&#x17B6;&#x17C6;&#x179F;&#x17D2;&#x1796;&#x17C3;&#x1781;&#x17C0;&#x179C; &#x178A;&#x17B6;&#x17C6;&#x1780;&#x17D2;&#x1793;&#x17BB;&#x1784;&#x179F;&#x17B6;&#x1780;&#x179B;&#x179C;&#x17B7;&#x1791;&#x17D2;&#x1799;&#x17B6;&#x179B;&#x17D0;&#x1799;&#x1797;&#x17BC;&#x1798;&#x17B7;&#x1793;&#x17D2;&#x1791;&#x1780;&#x179F;&#x17B7;&#x1780;&#x1798;&#x17D2;&#x1798;</subfield>
  </datafield>
  <datafield tag="260" ind1=" " ind2=" ">
    <subfield code="a">RUA</subfield>
    <subfield code="b">SOR</subfield>
    <subfield code="c">2015</subfield>
  </datafield>
  <datafield tag="300" ind1=" " ind2=" ">
    <subfield code="a">xi,50p.</subfield>
    <subfield code="b">ill.</subfield>
    <subfield code="c">29cm.</subfield>
  </datafield>
  <datafield tag="856" ind1=" " ind2=" ">
    <subfield code="u">SOEURN SOKHENG</subfield>
  </datafield>
  <datafield tag="942" ind1=" " ind2=" ">
    <subfield code="c">AGR</subfield>
  </datafield>
  <datafield tag="999" ind1=" " ind2=" ">
    <subfield code="c">10763</subfield>
    <subfield code="d">10763</subfield>
  </datafield>
  <datafield tag="952" ind1=" " ind2=" ">
    <subfield code="0">0</subfield>
    <subfield code="1">0</subfield>
    <subfield code="2">ddc</subfield>
    <subfield code="4">0</subfield>
    <subfield code="6">AGR_SOE_2015_000000000000000_B520_OR_1</subfield>
    <subfield code="7">0</subfield>
    <subfield code="9">56159</subfield>
    <subfield code="a">LBB</subfield>
    <subfield code="b">LBB</subfield>
    <subfield code="c">B520</subfield>
    <subfield code="d">2016-11-05</subfield>
    <subfield code="o">AGR SOE 2015 B520 Or.1</subfield>
    <subfield code="p">A01879</subfield>
    <subfield code="r">2016-11-05</subfield>
    <subfield code="w">2016-11-05</subfield>
    <subfield code="y">AGR</subfield>
  </datafield>
  <datafield tag="952" ind1=" " ind2=" ">
    <subfield code="0">0</subfield>
    <subfield code="1">0</subfield>
    <subfield code="2">ddc</subfield>
    <subfield code="4">0</subfield>
    <subfield code="6">AGR_SOE_2015_000000000000000_B520_OR_2</subfield>
    <subfield code="7">0</subfield>
    <subfield code="9">56160</subfield>
    <subfield code="a">LBB</subfield>
    <subfield code="b">LBB</subfield>
    <subfield code="c">B520</subfield>
    <subfield code="d">2016-11-05</subfield>
    <subfield code="o">AGR SOE 2015 B520 Or.2</subfield>
    <subfield code="p">A02609</subfield>
    <subfield code="r">2016-11-05</subfield>
    <subfield code="w">2016-11-05</subfield>
    <subfield code="y">AGR</subfield>
  </datafield>
  <datafield tag="952" ind1=" " ind2=" ">
    <subfield code="0">0</subfield>
    <subfield code="1">0</subfield>
    <subfield code="2">ddc</subfield>
    <subfield code="4">0</subfield>
    <subfield code="6">AGR_SOE_2015_000000000000000_B520_OR_3</subfield>
    <subfield code="7">0</subfield>
    <subfield code="9">56161</subfield>
    <subfield code="a">LBB</subfield>
    <subfield code="b">LBB</subfield>
    <subfield code="c">B520</subfield>
    <subfield code="d">2016-11-05</subfield>
    <subfield code="o">AGR SOE 2015 B520 Or.3</subfield>
    <subfield code="p">A00399</subfield>
    <subfield code="r">2016-11-05</subfield>
    <subfield code="w">2016-11-05</subfield>
    <subfield code="y">AGR</subfield>
  </datafield>
  <datafield tag="952" ind1=" " ind2=" ">
    <subfield code="0">0</subfield>
    <subfield code="1">0</subfield>
    <subfield code="2">ddc</subfield>
    <subfield code="4">0</subfield>
    <subfield code="6">AGR_SOE_2015_000000000000000_B520_OR_4</subfield>
    <subfield code="7">0</subfield>
    <subfield code="9">56162</subfield>
    <subfield code="a">LBB</subfield>
    <subfield code="b">LBB</subfield>
    <subfield code="c">B520</subfield>
    <subfield code="d">2016-11-05</subfield>
    <subfield code="o">AGR SOE 2015 B520 Or.4</subfield>
    <subfield code="p">A01461</subfield>
    <subfield code="r">2016-11-05</subfield>
    <subfield code="w">2016-11-05</subfield>
    <subfield code="y">AGR</subfield>
  </datafield>
  <datafield tag="952" ind1=" " ind2=" ">
    <subfield code="0">0</subfield>
    <subfield code="1">0</subfield>
    <subfield code="2">ddc</subfield>
    <subfield code="4">0</subfield>
    <subfield code="6">AGR_SOE_2015_000000000000000_B520_OR_5</subfield>
    <subfield code="7">0</subfield>
    <subfield code="9">56163</subfield>
    <subfield code="a">LBB</subfield>
    <subfield code="b">LBB</subfield>
    <subfield code="c">B520</subfield>
    <subfield code="d">2016-11-05</subfield>
    <subfield code="o">AGR SOE 2015 B520 Or.5</subfield>
    <subfield code="p">A01288</subfield>
    <subfield code="r">2016-11-05</subfield>
    <subfield code="w">2016-11-05</subfield>
    <subfield code="y">AGR</subfield>
  </datafield>
  <datafield tag="952" ind1=" " ind2=" ">
    <subfield code="0">0</subfield>
    <subfield code="1">0</subfield>
    <subfield code="2">ddc</subfield>
    <subfield code="4">0</subfield>
    <subfield code="6">AGR_SOE_2015_000000000000000_B520_OR_6</subfield>
    <subfield code="7">0</subfield>
    <subfield code="9">56164</subfield>
    <subfield code="a">LBB</subfield>
    <subfield code="b">LBB</subfield>
    <subfield code="c">B520</subfield>
    <subfield code="d">2016-11-05</subfield>
    <subfield code="l">1</subfield>
    <subfield code="o">AGR SOE 2015 B520 Or.6</subfield>
    <subfield code="p">A01970</subfield>
    <subfield code="r">2018-10-24</subfield>
    <subfield code="s">2018-10-16</subfield>
    <subfield code="w">2016-11-05</subfield>
    <subfield code="y">AGR</subfield>
  </datafield>
  <datafield tag="952" ind1=" " ind2=" ">
    <subfield code="0">0</subfield>
    <subfield code="1">0</subfield>
    <subfield code="2">ddc</subfield>
    <subfield code="4">0</subfield>
    <subfield code="6">AGR_SOE_2015_000000000000000_B520_OR_7</subfield>
    <subfield code="7">0</subfield>
    <subfield code="9">56165</subfield>
    <subfield code="a">LBB</subfield>
    <subfield code="b">LBB</subfield>
    <subfield code="c">B520</subfield>
    <subfield code="d">2016-11-05</subfield>
    <subfield code="l">2</subfield>
    <subfield code="o">AGR SOE 2015 B520 Or.7</subfield>
    <subfield code="p">A01213</subfield>
    <subfield code="r">2019-08-12</subfield>
    <subfield code="s">2019-07-22</subfield>
    <subfield code="w">2016-11-05</subfield>
    <subfield code="y">AGR</subfield>
  </datafield>
  <datafield tag="952" ind1=" " ind2=" ">
    <subfield code="0">0</subfield>
    <subfield code="1">0</subfield>
    <subfield code="2">ddc</subfield>
    <subfield code="4">0</subfield>
    <subfield code="6">AGR_SOE_2015_000000000000000_B520_OR_8</subfield>
    <subfield code="7">0</subfield>
    <subfield code="9">56208</subfield>
    <subfield code="a">LBB</subfield>
    <subfield code="b">LBB</subfield>
    <subfield code="c">B520</subfield>
    <subfield code="d">2016-11-05</subfield>
    <subfield code="o">AGR SOE 2015 B520 Or.8</subfield>
    <subfield code="p">A00446</subfield>
    <subfield code="r">2016-11-05</subfield>
    <subfield code="w">2016-11-05</subfield>
    <subfield code="y">AGR</subfield>
  </datafield>
</record>
